000 01438nam a2200325 i 4500
003 DO-SdBNP
005 20250715143601.0
007 ta
008 250430b2024 dr ||||| |||| 00| 0 spa d
020 _a9789945629453
040 _aDO-SdBNP
_bspa
_cBNPHU
_erda
041 _aspa
082 4 _axxx
_bD418a
_222
100 _aDe Oleo, Víctor Andrés,
_d1991-
_eautor
_4aut.
_987185
245 1 0 _aAsí juegan los villanos /
_cVíctor Andrés De Oleo ; colaboración, Luz Encarnación.
250 _aPrimera edición
264 4 _aSanto Domingo :
_bBanco Central de la República Dominicana,
_c©2024.
300 _a150 páginas ;
_c23 cm.
336 _atexto
_btxt
_2rdacontent
337 _asin mediación
_bn
_2rdamedia
338 _avolumen
_bnc
_2rdacarrier
490 0 _aColección del Banco Central de la República Dominicana ;
_v317
490 0 _aSerie Arte y Literatura ;
_v120
500 _aIncluye datos biográficos del autor en las solapas
505 _aLa breve resurrección -- La biblioteca onírica -- Las palabras del doctor Canela --Sueñan las piedras con mariposas -- Los zurdos mueren antes -- Noches en la ventana -- La caída del cielo -- Mensaje póstumo -- Otra noche quieta -- Tengo un sueño, Buri | Así juegan los villanos -- Otro Job -- Los bacás también lloran.
590 _aInventariado, 2025 /LP
700 1 _aEncarnación, Luz,
_ecolaborador
_4col.
_987612
910 _aLP
942 _2ddc
_cLBS1
999 _c58238
_d58238